|
|
|
|
| LEADER |
00721pam a22002178a 4500 |
| 001 |
00040249 |
| 005 |
20171117081155.0 |
| 008 |
170516s2006 ||||||Viesd |
| 020 |
# |
# |
|c 45000
|a 978 604 57 1663 2
|
| 041 |
0 |
# |
|a Vie
|
| 082 |
1 |
# |
|a 230
|b V250Đ
|
| 100 |
0 |
# |
|a Hoàng, Tâm Xuyên
|e Biên soạn
|
| 245 |
0 |
0 |
|b Sách tham khảo
|a Về Đạo cơ đốc
|c Hoàng Tâm Xuyên
|
| 260 |
# |
# |
|a Hà Nội
|b Chính trị quốc gia Sự thật
|c 2016
|
| 300 |
# |
# |
|a 152 tr.
|c 21 cm.
|
| 653 |
# |
# |
|a Mỹ
|
| 653 |
# |
# |
|a lịch sử
|
| 653 |
# |
# |
|a Đạo kitô
|
| 852 |
# |
# |
|j KD.0022676
|j KM.0023335
|
| 910 |
|
|
|d 17/11/2017
|
| 980 |
# |
# |
|a Trung tâm Học liệu Lê Vũ Hùng, Trường Đại học Đồng Tháp
|